000 00550nam a2200205Ia 4500
005 20260429111918.0
008 260429s9999||||xx |||||||||||||| ||und||
020 _a9781484289808
041 _aEnglish
082 _a005.133
_bHAL
100 _aHall, Tim
245 0 _aPython 3 for absolute beginners /
_cTim Hall
260 _aUnited States :
_bApress,
_c2009.
300 _axi, 295 p.; pbk
440 _aExpert's voice in open source
650 _a Python
650 _aObject oriented programming
700 _a Stacey, J-P
942 _cTB
999 _c51390
_d51390